History of womens writing in france. (Record no. 161044)

MARC details
000 -LEADER
fixed length control field 00535nam a2200205Ia 4500
003 - CONTROL NUMBER IDENTIFIER
control field OSt
005 - DATE AND TIME OF LATEST TRANSACTION
control field 20230425155442.0
008 - FIXED-LENGTH DATA ELEMENTS--GENERAL INFORMATION
fixed length control field 210423s2003 xx 000 0 und d
020 ## - INTERNATIONAL STANDARD BOOK NUMBER
International Standard Book Number 521588448
040 ## - CATALOGING SOURCE
Transcribing agency AL
041 ## - LANGUAGE CODE
Language code of text/sound track or separate title eng
082 ## - DEWEY DECIMAL CLASSIFICATION NUMBER
Classification number 840.99287
Edition number 23
Item number STES
100 ## - MAIN ENTRY--PERSONAL NAME
Personal name STEPHENS (Sonya).
9 (RLIN) 92981
245 ## - TITLE STATEMENT
Title History of womens writing in france.
260 ## - PUBLICATION, DISTRIBUTION, ETC.
Place of publication, distribution, etc. New Delhi
Name of publisher, distributor, etc. Cambridge University Press
Date of publication, distribution, etc. 2003
300 ## - PHYSICAL DESCRIPTION
Extent ix,314
Other physical details PB
365 ## - TRADE PRICE
Currency code INR
906 ## - LOCAL DATA ELEMENT F, LDF (RLIN)
a france. ; History ; womens ; writing
942 ## - ADDED ENTRY ELEMENTS (KOHA)
Source of classification or shelving scheme Dewey Decimal Classification
Koha item type Book
Holdings
Withdrawn status Lost status Damaged status Not for loan Collection code Home library Current library Date acquired Source of acquisition Total Checkouts Full call number Barcode Date last seen Price effective from Koha item type
        MA English St Aloysius PG Library St Aloysius PG Library 02/28/2013 Kiran Book Centre   840.99287 STES PG007525 08/24/2022 04/26/2021 Book